|
|
|
|
| LEADER |
02141nam a2200445 a 4500 |
| 001 |
EBC483756 |
| 003 |
MiAaPQ |
| 005 |
20200520144314.0 |
| 006 |
m o d | |
| 007 |
cr cn||||||||| |
| 008 |
090306s2009 cau sb 001 0 eng |
| 010 |
|
|
|z 2009008710
|
| 015 |
|
|
|a GBA947973
|2 bnb
|
| 016 |
7 |
|
|z 015181746
|2 Uk
|
| 020 |
|
|
|z 9781576758625 (hardcover : alk. paper)
|
| 020 |
|
|
|z 1576758621 (hardcover : alk. paper)
|
| 035 |
|
|
|a (MiAaPQ)EBC483756
|
| 035 |
|
|
|a (Au-PeEL)EBL483756
|
| 035 |
|
|
|a (CaPaEBR)ebr10331476
|
| 035 |
|
|
|a (CaONFJC)MIL229968
|
| 035 |
|
|
|a (OCoLC)449520860
|
| 040 |
|
|
|a MiAaPQ
|c MiAaPQ
|d MiAaPQ
|
| 043 |
|
|
|a n-us---
|
| 050 |
|
4 |
|a HD7287.82.U6
|b R38 2009
|
| 082 |
0 |
4 |
|a 333.33/80973
|2 22
|
| 100 |
1 |
|
|a Rathke, Wade.
|
| 245 |
1 |
0 |
|a Citizen wealth
|h [electronic resource] :
|b winning the campaign to save working families /
|c Wade Rathke.
|
| 250 |
|
|
|a 1st ed.
|
| 260 |
|
|
|a San Francisco :
|b Berrett-Koehler Publishers,
|c c2009.
|
| 300 |
|
|
|a xiii, 199 p.
|
| 490 |
1 |
|
|a A BK currents book
|
| 504 |
|
|
|a Includes bibliographical references and index.
|
| 505 |
0 |
|
|a Building a winning campaign for economic security -- Home ownership through community reinvestment -- Stopping foreclosures and predatory lending -- Making work pay living wages -- Creating wealth through worker organizations -- Making earned income tax credits work for workers -- Guarding tax refunds and combatting high prices -- The debt trap -- The "maximum eligible participation" solution -- Working with corparations to create an asset climate -- Business models that foster citizen wealth -- Bringing citizens into the wealth-building process -- The future of citizen wealth.
|
| 533 |
|
|
|a Electronic reproduction. Ann Arbor, MI : ProQuest, 2015. Available via World Wide Web. Access may be limited to ProQuest affiliated libraries.
|
| 650 |
|
0 |
|a Home ownership
|z United States.
|
| 650 |
|
0 |
|a Working class
|z United States.
|
| 655 |
|
4 |
|a Electronic books.
|
| 710 |
2 |
|
|a ProQuest (Firm)
|
| 830 |
|
0 |
|a BK currents book.
|
| 856 |
4 |
0 |
|u https://ebookcentral.proquest.com/lib/matrademy/detail.action?docID=483756
|z Click to View
|